|
|
|
|
| LEADER |
00000nam a2200000 a 4500 |
| 001 |
vtls009517007 |
| 003 |
SK-MaSNL |
| 005 |
20260301082221.0 |
| 008 |
090526s2008 xo ob g f 000 0 slo |
| 015 |
|
|
|a SNBE2009/03-00663
|
| 020 |
|
|
|a 9788089258369 (brož.)
|
| 040 |
|
|
|a SNK
|b slo
|c SNK
|e AACR2
|
| 041 |
0 |
|
|a slo
|
| 043 |
|
|
|a e-xo---
|
| 044 |
|
|
|a xo
|c SK
|
| 072 |
|
7 |
|a 913(4)
|x Geografia Európy, reálie, cestovanie
|2 konspekt
|
| 080 |
|
|
|a 634.8.04
|2 2001
|
| 080 |
|
|
|a 643.85
|2 2001
|
| 080 |
|
|
|a 663.2
|2 2001
|
| 080 |
|
|
|a 663.2-051
|2 2001
|
| 080 |
|
|
|a (437.6)
|2 2001
|
| 080 |
|
|
|a (036)
|2 2001
|
| 245 |
0 |
0 |
|a Tokajská vínna cesta
|
| 250 |
|
|
|a [1. vyd.]
|
| 260 |
|
|
|a [Michalovce]
|b Excel enterprise
|c [2008]
|
| 300 |
|
|
|a 38 s.
|b fotogr., mp.
|c 20 cm
|
| 500 |
|
|
|a Názov z obalu
|
| 500 |
|
|
|a Vydané pre Združenie Tokajská vínna cesta
|
| 650 |
0 |
7 |
|a vinohradnícke oblasti
|2 SNKPH
|9 68062
|
| 650 |
0 |
7 |
|a vínne pivnice
|2 SNKPH
|9 51213
|
| 650 |
0 |
7 |
|a vinárstvo
|2 SNKPH
|9 1656
|
| 650 |
0 |
7 |
|a vinári
|2 SNKPH
|9 102985
|
| 650 |
0 |
7 |
|a Vinohradnícka oblasť Tokaj (Slovensko)
|2 SNKPH
|9 21617
|
| 651 |
|
7 |
|a Tokajská vínna cesta (Slovensko)
|2 SNKPH
|9 406783
|
| 655 |
|
7 |
|a informačné publikácie
|2 SNKPH
|9 70181
|
| 919 |
|
|
|a 978-80-80258-36-9
|
| 999 |
|
|
|c 657992
|d 659922
|
| 952 |
|
|
|a SNK
|b SNK
|y PREZ
|7 0
|p 17A0622221
|o snkOSD 9248
|i snk2009/9240
|8 0
|0 0
|1 0
|4 0
|d 2009-05-26
|l 0
|r 2026-02-23 18:43:52
|w 2026-02-23
|
| 952 |
|
|
|a SNK
|b SNK
|y VYP
|7 0
|p 17A0622222
|o snkOSD 9248 D1
|i snk2009/9241
|8 0
|0 0
|1 0
|4 0
|d 2009-05-26
|l 0
|r 2026-02-23 18:43:53
|w 2026-02-23
|